Central Library OPAC University of Rajshahi

A cultural history of Western education : (Record no. 43451)

MARC details
000 -LEADER
fixed length control field 00866naa a2200265 a 4500
001 - CONTROL NUMBER
control field 43451
003 - CONTROL NUMBER IDENTIFIER
rucl marc code BD-RjUL
005 - DATE AND TIME OF LATEST TRANSACTION
control field 20211209053711.0
008 - FIXED-LENGTH DATA ELEMENTS--GENERAL INFORMATION
fixed length control field 160622s1955 nyua b 001 0 eng
035 ## - SYSTEM CONTROL NUMBER
System control number (BD-RjUL)43569
040 ## - CATALOGING SOURCE
Original cataloging agency DLC
Transcribing agency DLC
Modifying agency BD-RjUL
Language of cataloging eng
041 ## - LANGUAGE CODE
Language code of text/sound track or separate title eng
082 00 - DEWEY DECIMAL CLASSIFICATION NUMBER
Classification number 370.9
Edition number 23
Author mark and year BUC 1955
100 1# - MAIN ENTRY--PERSONAL NAME
Personal name Butts, R. Freeman
Fuller form of name (Robert Freeman)
Dates associated with a name 1910-
9 (RLIN) 133444
245 12 - TITLE STATEMENT
Title A cultural history of Western education :
Remainder of title its social and intellectual foundations /
250 ## - EDITION STATEMENT
Edition statement 2d ed.
260 ## - PUBLICATION, DISTRIBUTION, ETC. (IMPRINT)
Place of publication, distribution, etc. New York :
Name of publisher, distributor, etc. McGraw-Hill,
Date of publication, distribution, etc. c1955
300 ## - PHYSICAL DESCRIPTION
Pagination 645 p. :
Illustrations ill. ;
Size 24 cm.
490 0# - SERIES STATEMENT
Series statement McGraw-Hill series in education
500 ## - GENERAL NOTE
General note First ed. published in 1947 under title: A Cultural history of education.
504 ## - BIBLIOGRAPHY, ETC. NOTE
Bibliography, etc Includes bibliography and index
650 #0 - SUBJECT ADDED ENTRY--TOPICAL TERM
Topical term or geographic name as entry element Education
General subdivision History.
9 (RLIN) 133311
942 ## - ADDED ENTRY ELEMENTS (KOHA)
Source of classification or shelving scheme Dewey Decimal Classification
Koha item type Books
Holdings
Lost status Source of classification or shelving scheme Damaged status Not for loan Collection code Permanent Location Current Location Shelving location Date acquired Source of acquisition Cost, normal purchase price Total Checkouts Full call number Date last seen Copy number Koha item type
  Dewey Decimal Classification     Non-fiction Central Library, University of Rajshahi Central Library, University of Rajshahi   19/12/1956 West pak. pub. lahore 56.50   370.9 BUC 1955 22/06/2016 C-2 Books
  Dewey Decimal Classification     Non-fiction Central Library, University of Rajshahi Central Library, University of Rajshahi   19/12/1956 West pak. pub. lahore 56.50   370.9 BUC 1955 22/06/2016 C-3 Books
  Dewey Decimal Classification     Non-fiction Central Library, University of Rajshahi Central Library, University of Rajshahi   02/02/1956 A.B.C 39.00   370.9 BUC 1955 22/06/2016 C-4 Books
  Dewey Decimal Classification     Non-fiction Central Library, University of Rajshahi Central Library, University of Rajshahi   02/02/1956 A.B.C 39.00   370.9 BUC 1955 22/06/2016 C-5 Books
  Dewey Decimal Classification     Non-fiction Central Library, University of Rajshahi Central Library, University of Rajshahi   05/11/1956 Black Well 5.00   370.9 BUC 1955 22/06/2016 C-6 Books